Exclusive possession and the tenancy by estoppel: "a familiar problem in an unusual setting" (Record no. 62333)

MARC details
000 -LEADER
fixed length control field 01056cam a2200229 4500
001 - CONTROL NUMBER
control field ABS61811
008 - FIXED-LENGTH DATA ELEMENTS--GENERAL INFORMATION
fixed length control field 000000n1999 000 0 eng u
035 ## - SYSTEM CONTROL NUMBER
System control number (Sirsi) u103802
100 ## - MAIN ENTRY--PERSONAL NAME
Personal name Morgan, J.
245 ## - TITLE STATEMENT
Title Exclusive possession and the tenancy by estoppel: "a familiar problem in an unusual setting"
260 ## - PUBLICATION, DISTRIBUTION, ETC.
Date of publication, distribution, etc. 1999
490 ## - SERIES STATEMENT
Series statement The Conveyancer
Volume/sequential designation (63) November/December 1999, 493-509(9)
520 ## - SUMMARY, ETC.
Summary, etc. Discusses the issues that can arise when a local authority grants a housing association a licence rather than a lease to use its land. Considers the consequences of such a grant for the occupant with particular emphasis on security of tenure, using the decision in "Bruton v London and Quadrant Housing Trust" as an illustration.
590 ## - LOCAL NOTE (RLIN)
Local note ABS
650 ## - SUBJECT ADDED ENTRY--TOPICAL TERM
Topical term or geographic name entry element HOUSING ASSOCIATIONS
650 ## - SUBJECT ADDED ENTRY--TOPICAL TERM
Topical term or geographic name entry element SECURITY OF TENURE
650 ## - SUBJECT ADDED ENTRY--TOPICAL TERM
Topical term or geographic name entry element BRUTON V LONDON AND QUADRANT HOUSING TRUST
650 ## - SUBJECT ADDED ENTRY--TOPICAL TERM
Topical term or geographic name entry element LICENCES
650 ## - SUBJECT ADDED ENTRY--TOPICAL TERM
Topical term or geographic name entry element ESTOPPEL
690 ## - LOCAL SUBJECT ADDED ENTRY--TOPICAL TERM (OCLC, RLIN)
Topical term or geographic name as entry element PROPERTY-RESIDENTIAL PROPERTY-RESIDENTIAL LANDLORD AND TENANT-RESIDENTIAL TENANCIES
942 ## - ADDED ENTRY ELEMENTS (KOHA)
Suppress in OPAC 0
Holdings
Withdrawn status Lost status Source of classification or shelving scheme Damaged status Not for loan Home library Current library Shelving location Date acquired Total Checkouts Full call number Barcode Date last seen Copy number Price effective from Koha item type
    Dewey Decimal Classification     London London Journal article 27/01/2000   ABS61811 103802-1001 06/08/2019 1 06/08/2019 Journal article